000 00333nam a2200121Ia 4500
008 191201s2003 xx 000 0 und d
100 _aO BERIN, Derek
245 0 _aDiscover with Derek A Knowledge Activity Book for 6-7 Year Olds
260 _aN.Delhi
_bPuffin Books
_c2003
300 _a-
650 _aGeneral Books
942 _2ddc
_cBK
999 _c1816
_d1816